000 00280nam a2200097Ia 4500
008 220204s9999 xx 000 0 und d
082 _a631.4:001.814(540)
_bIIS
245 0 _aIIS: Two decades of soil research
260 _aBhopal
_bIndian Institute of Soil Science
_c2009
942 _cBK
999 _c44374
_d44374